[Event "7th Asia-ch"]
[Site "Subic Bay PHI"]
[Date "2009.05.21"]
[Round "9"]
[White "Iuldachev, Saidali"]
[Black "Torre, Eugenio"]
[Result "1/2-1/2"]
[WhiteElo "2497"]
[BlackElo "2561"]
[EventDate "2009.05.13"]
[PlyCount "99"]

1.e4 Nf6 2.e5 Nd5 3.d4 d6 4.Nf3 Bg4 5.Be2 e6 6.O-O Be7 7.h3 Bh5 8.c4 Nb6 
9.exd6 cxd6 10.Nc3 O-O 11.b3 Nc6 12.Be3 d5 13.c5 Nc8 14.Rb1 Bf6 15.b4 a6 
16.a4 Bxf3 17.Bxf3 N8e7 18.b5 Na5 19.Be2 Nf5 20.Kh1 axb5 21.axb5 Bg5 22.
Bxg5 Qxg5 23.Rb4 Qf6 24.Qd2 Rfd8 25.Rd1 g6 26.Qf4 h5 27.Ra1 Nc6 28.Rxa8 
Nxb4 29.Rxd8+ Qxd8 30.g4 hxg4 31.hxg4 Nh4 32.b6 g5 33.Qe3 Ng6 34.Nb5 Nf4 
35.Bf1 f6 36.Nd6 Qa8 37.Kg1 Nc6 38.Nb5 Qa1 39.Qd2 Nh3+ 40.Kg2 Nf4+ 41.Kg1 
Kg7 42.Qe3 Nb4 43.Nc7 Kf7 44.Nb5 Qd1 45.Nc3 Qa1 46.Nb5 Kf8 47.Qf3 Nc6 48.
Qe3 Nb4 49.Qf3 Nc6 50.Qe3 1/2-1/2

[Event "7th Asia-ch"]
[Site "Subic Bay PHI"]
[Date "2009.05.21"]
[Round "9"]
[White "Xiu Deshun"]
[Black "Djao Thien Hai"]
[Result "0-1"]
[WhiteElo "2422"]
[BlackElo "2546"]
[EventDate "2009.05.13"]
[PlyCount "62"]

1.d4 d5 2.c4 c6 3.Nf3 Nf6 4.Nc3 a6 5.c5 Bf5 6.Qb3 Qc8 7.Na4 Nbd7 8.Ne5 h6 
9.Bf4 e6 10.f3 Be7 11.O-O-O Bh7 12.g4 O-O 13.h4 Ra7 14.Nd3 Qd8 15.Rg1 Bxd3
16.Qxd3 b5 17.cxb6 Nxb6 18.Nxb6 Qxb6 19.g5 Rb7 20.Rd2 hxg5 21.Bxg5 c5 22.
e3 c4 23.Qc2 Qa5 24.Rdg2 Kh8 25.Kb1 Rfb8 26.Bf4 Rxb2+ 27.Qxb2 Rxb2+ 28.
Kxb2 Nh5 29.Bh2 Ba3+ 30.Kc2 Qb4 31.Be2 Qb2+ 0-1

[Event "7th Asia-ch"]
[Site "Subic Bay PHI"]
[Date "2009.05.21"]
[Round "9"]
[White "Tu Hoang Thong"]
[Black "Kazhgaleev, Murtas"]
[Result "1/2-1/2"]
[WhiteElo "2506"]
[BlackElo "2626"]
[EventDate "2009.05.13"]
[PlyCount "88"]

1.d4 d6 2.Nf3 Nf6 3.g3 Nbd7 4.Bg2 e5 5.O-O c6 6.dxe5 dxe5 7.b3 Bc5 8.Nh4 
O-O 9.Ba3 Qa5 10.Qe1 Qc7 11.Qd2 e4 12.Nf5 Bxa3 13.Nxa3 Nb6 14.Qd6 Qd8 15.
Ne7+ Kh8 16.Nxc8 Rxc8 17.Rfd1 Qxd6 18.Rxd6 Nbd5 19.c4 Nc3 20.Nb1 Nxe2+ 21.
Kf1 Nc1 22.Nc3 Nd3 23.Nxe4 Nxe4 24.Bxe4 Nc5 25.Bc2 a5 26.a3 g6 27.b4 axb4 
28.axb4 Na6 29.Rb1 Rfd8 30.Rd3 Kg7 31.Ke2 Re8+ 32.Re3 Kf6 33.Be4 Re7 34.
Bg2 Rxe3+ 35.Kxe3 Ke5 36.b5 Nc5 37.bxc6 bxc6 38.Rd1 Rc7 39.Rd8 h5 40.Bh3 
Kf6 41.Kd4 Nb3+ 42.Kc3 Nc5 43.Kd4 Nb3+ 44.Kc3 Nc5 1/2-1/2

[Event "7th Asia-ch"]
[Site "Subic Bay PHI"]
[Date "2009.05.21"]
[Round "9"]
[White "Filippov, Anton"]
[Black "Mahjoob, Morteza"]
[Result "1-0"]
[WhiteElo "2584"]
[BlackElo "2498"]
[EventDate "2009.05.13"]
[PlyCount "61"]

1.e4 c5 2.Nf3 g6 3.d4 cxd4 4.Qxd4 Nf6 5.e5 Nc6 6.Qa4 Nd5 7.Qb3 Nc7 8.Bf4 
Ne6 9.Bg3 Bg7 10.Nc3 O-O 11.O-O-O a6 12.h4 h5 13.Qd5 b5 14.Ng5 Nxg5 15.
hxg5 e6 16.Qc5 Qxg5+ 17.Kb1 Bxe5 18.Ne4 Qf5 19.Nd6 Qf6 20.Be2 Bd4 21.Qa3 
e5 22.Bh4 Qe6 23.Ne4 d5 24.Nf6+ Kg7 25.Bg4 b4 26.Qg3 Qxg4 27.Nxg4 Bxg4 28.
Rxd4 exd4 29.Qd6 Nd8 30.Bf6+ Kg8 31.Qf4 1-0

[Event "7th Asia-ch"]
[Site "Subic Bay PHI"]
[Date "2009.05.21"]
[Round "9"]
[White "Li Shilong"]
[Black "Nguyen Thanh Son"]
[Result "1-0"]
[WhiteElo "2557"]
[BlackElo "2362"]
[EventDate "2009.05.13"]
[PlyCount "71"]

1.d4 d5 2.c4 c6 3.Nf3 Nf6 4.Nc3 a6 5.h3 b5 6.c5 g6 7.Bf4 Bg7 8.e3 O-O 9.
Bd3 Nbd7 10.O-O Ne8 11.e4 dxe4 12.Bxe4 Bb7 13.Re1 Ndf6 14.Qe2 Nc7 15.Rad1 
b4 16.Na4 Ncd5 17.Be5 Nxe4 18.Qxe4 f6 19.Bh2 Bc8 20.Qc2 Kh8 21.Nd2 Bd7 22.
Nc4 Be8 23.Ncb6 Ra7 24.Nxd5 Qxd5 25.Nb6 Qf7 26.Nc8 Rd7 27.Qa4 f5 28.Be5 
Bxe5 29.Rxe5 Qf6 30.Qxb4 Qxe5 31.dxe5 Rxd1+ 32.Kh2 Bd7 33.Nxe7 Kg7 34.Qb3 
Rd4 35.Qc3 Re4 36.e6+ 1-0

[Event "7th Asia-ch"]
[Site "Subic Bay PHI"]
[Date "2009.05.21"]
[Round "9"]
[White "Gundavaa, Bayarsaihan"]
[Black "Hossain, Enamul"]
[Result "1-0"]
[WhiteElo "2461"]
[BlackElo "2531"]
[EventDate "2009.05.13"]
[PlyCount "93"]

1.d4 Nf6 2.c4 g6 3.Nc3 Bg7 4.e4 d6 5.Nf3 O-O 6.Be2 e5 7.O-O Nbd7 8.Be3 c6 
9.d5 c5 10.Ne1 Ne8 11.Nd3 f5 12.f3 f4 13.Bd2 g5 14.g4 fxg3 15.hxg3 Qf6 16.
Qc1 Qg6 17.Kg2 h6 18.Nf2 Ndf6 19.g4 h5 20.Qc2 hxg4 21.fxg4 Nh7 22.Ncd1 Rf4
23.Ne3 Qf7 24.Nf5 Bxf5 25.Bxf4 gxf4 26.gxf5 Qf6 27.Rh1 Qg5+ 28.Bg4 f3+ 29.
Kxf3 Bh6 30.Rag1 Kh8 31.Qd3 Nef6 32.Nh3 Qh4 33.Nf4 Qxh1+ 34.Rxh1 Bxf4 35.
Bh5 Kg7 36.Ke2 Ng5 37.Bf3 Rd8 38.Qa3 a6 39.Qa5 Rd7 40.Qe1 Kg8 41.Rh6 Nfxe4
42.Bxe4 Nxe4 43.Rg6+ Rg7 44.Qh4 Ng3+ 45.Kd3 e4+ 46.Kc2 Be5 47.Qg5 1-0

[Event "7th Asia-ch"]
[Site "Subic Bay PHI"]
[Date "2009.05.21"]
[Round "9"]
[White "Wan Yunguo"]
[Black "Bui Vinh"]
[Result "1-0"]
[WhiteElo "2434"]
[BlackElo "2522"]
[EventDate "2009.05.13"]
[PlyCount "107"]

1.e4 b6 2.d4 Bb7 3.Bd3 e6 4.Nf3 c5 5.c3 Nf6 6.e5 Nd5 7.a3 cxd4 8.cxd4 Be7 
9.h4 Nc6 10.h5 d6 11.Bd2 dxe5 12.dxe5 Qd7 13.Qe2 O-O-O 14.Ba6 Nc7 15.Bxb7+
Kxb7 16.Nc3 Qd3 17.Qxd3 Rxd3 18.h6 g5 19.Ke2 Rhd8 20.Bxg5 Bxg5 21.Nxg5 
Rd2+ 22.Kf1 Nxe5 23.Nxh7 f5 24.Nf6 Rxb2 25.h7 Rh8 26.Rh3 Rc2 27.Re1 Ng4 
28.Nce4 fxe4 29.Nxg4 Nd5 30.Rxe4 Rc7 31.g3 Rg7 32.Ne3 Nxe3+ 33.Rxe3 Rg6 
34.Rf3 Kc6 35.Rf7 a5 36.Rh5 b5 37.a4 bxa4 38.Rxa5 Rh6 39.Rxa4 R8xh7 40.
Rxh7 Rxh7 41.Rd4 e5 42.Rd2 Re7 43.Ke2 Ra7 44.Ke3 Ra4 45.f3 Rb4 46.g4 Rf4 
47.Rd1 Kc5 48.g5 Rf5 49.Rg1 Kd6 50.g6 Rf8 51.g7 Rg8 52.Ke4 Ke6 53.Rg6+ Kf7
54.Kf5 1-0

[Event "7th Asia-ch"]
[Site "Subic Bay PHI"]
[Date "2009.05.21"]
[Round "9"]
[White "Irwanto, Sadikin"]
[Black "Nguyen Anh Dung"]
[Result "1/2-1/2"]
[WhiteElo "2447"]
[BlackElo "2518"]
[EventDate "2009.05.13"]
[PlyCount "57"]

1.d4 d5 2.Nf3 Nf6 3.c4 c6 4.Nc3 dxc4 5.a4 Bf5 6.Ne5 Nbd7 7.Nxc4 Qc7 8.g3 
e5 9.dxe5 Nxe5 10.Bf4 Nfd7 11.Bg2 g5 12.Bxe5 Nxe5 13.Qd4 f6 14.Nxe5 Qxe5 
15.Qxe5+ fxe5 16.h4 g4 17.Be4 Be6 18.O-O-O Bc5 19.e3 h6 20.Kc2 Ke7 21.Rd2 
Rad8 22.Rxd8 Rxd8 23.Rd1 Rxd1 24.Kxd1 Bb4 25.Kc2 Kd6 26.Bd3 Bf7 27.Be4 Ke6
28.Bd3 Ke7 29.Be4 1/2-1/2

[Event "7th Asia-ch"]
[Site "Subic Bay PHI"]
[Date "2009.05.21"]
[Round "9"]
[White "Laylo, Darwin"]
[Black "Dimakiling, Oliver"]
[Result "1-0"]
[WhiteElo "2509"]
[BlackElo "2426"]
[EventDate "2009.05.13"]
[PlyCount "89"]

1.d4 Nf6 2.c4 e6 3.Nc3 Bb4 4.Qc2 d5 5.cxd5 exd5 6.a3 Bxc3+ 7.bxc3 Ne4 8.e3
Bf5 9.Qb3 O-O 10.Nf3 Nc6 11.Be2 Na5 12.Qb4 b6 13.O-O c5 14.Qb2 Rc8 15.Bd2 
Bg4 16.Be1 Re8 17.h3 Bf5 18.Ba6 Rc6 19.Ne5 Rxe5 20.dxe5 c4 21.Rd1 Nc5 22.
Qb5 Bd3 23.f4 f6 24.Rf2 fxe5 25.fxe5 Re6 26.Rf4 Rxe5 27.Bf2 Be4 28.Bg3 Rg5
29.Bh4 Bg6 30.Rg4 h6 31.Bxg5 hxg5 32.Rgd4 Qe7 33.Rxd5 Qxe3+ 34.Kh2 Ne4 35.
Rf5 Qg3+ 36.Kh1 Kh7 37.Rdf1 Qxc3 38.Rxg5 Ng3+ 39.Rxg3 Qxg3 40.Bc8 Qxa3 41.
Bf5 Qd6 42.Bxg6+ Qxg6 43.Rf4 Qe6 44.Qh5+ Kg8 45.Rh4 1-0

[Event "7th Asia-ch"]
[Site "Subic Bay PHI"]
[Date "2009.05.21"]
[Round "9"]
[White "Hafizulhelmi, Mas"]
[Black "Deepan Chakravarthy, Jeyakumar"]
[Result "0-1"]
[WhiteElo "2421"]
[BlackElo "2482"]
[EventDate "2009.05.13"]
[PlyCount "56"]

1.d4 Nf6 2.c4 e6 3.Nf3 d5 4.e3 a6 5.b3 c5 6.Bb2 Nc6 7.Nbd2 cxd4 8.exd4 Be7
9.Bd3 b6 10.O-O Bb7 11.Rc1 O-O 12.Qe2 Re8 13.Rfd1 dxc4 14.bxc4 Bf8 15.Nf1 
g6 16.Bb1 Bg7 17.Ne3 Rc8 18.Bc3 Na7 19.d5 exd5 20.Qb2 Rxe3 21.fxe3 Rxc4 
22.Bd4 Nb5 23.Bd3 Nxd4 24.exd4 b5 25.Ne5 Rxc1 26.Rxc1 Ne4 27.a4 Qb6 28.
Bxe4 Bxe5 0-1

[Event "7th Asia-ch"]
[Site "Subic Bay PHI"]
[Date "2009.05.21"]
[Round "9"]
[White "Batchuluun, Cegmed"]
[Black "Bitoon, Richard"]
[Result "0-1"]
[WhiteElo "2391"]
[BlackElo "2479"]
[EventDate "2009.05.13"]
[PlyCount "90"]

1.d4 Nf6 2.c4 e6 3.g3 c5 4.Nf3 cxd4 5.Nxd4 Qc7 6.b3 Bb4+ 7.Bd2 Bc5 8.Nf3 
Ne4 9.e3 Nxd2 10.Nbxd2 b6 11.Bg2 Bb7 12.O-O O-O 13.Rc1 Nc6 14.Nb1 Rfd8 15.
Nc3 a6 16.Nd4 Ne7 17.Bxb7 Qxb7 18.Qf3 Qc7 19.Nde2 Ng6 20.Rfd1 Ne5 21.Qg2 
f5 22.Nd4 Rac8 23.h3 h6 24.a4 g5 25.f4 gxf4 26.gxf4+ Kh7 27.Kh2 Rg8 28.Qf2
Ng6 29.Nde2 Rg7 30.Rg1 Rcg8 31.Rg3 Be7 32.Rg2 Bh4 33.Qf3 Bf6 34.Rcg1 Qd6 
35.Nd1 Qd3 36.Nc1 Qd6 37.Nf2 Nh4 38.Rxg7+ Rxg7 39.Rxg7+ Kxg7 40.Qg3+ Kh7 
41.Nfd3 Qc6 42.Ne5 Qe4 43.Ncd3 d6 44.Nd7 Nf3+ 45.Kg2 Ne5+ 0-1

[Event "7th Asia-ch"]
[Site "Subic Bay PHI"]
[Date "2009.05.21"]
[Round "9"]
[White "Nolte, Rolando"]
[Black "Garma, Edgardo"]
[Result "1-0"]
[WhiteElo "2479"]
[BlackElo "2421"]
[EventDate "2009.05.13"]
[PlyCount "81"]

1.e4 d5 2.exd5 Qxd5 3.Nc3 Qa5 4.d4 Nf6 5.Nf3 Bg4 6.h3 Bh5 7.g4 Bg6 8.Ne5 
e6 9.Bg2 c6 10.h4 Nbd7 11.Nxd7 Kxd7 12.d5 exd5 13.h5 Re8+ 14.Kf1 Qa6+ 15.
Ne2 Be4 16.f3 Bc5 17.fxe4 Nxe4 18.Qd3 Qb6 19.Bxe4 Rxe4 20.Ng3 Re6 21.Kg2 
Rhe8 22.Rf1 R8e7 23.Bd2 Bd6 24.Rae1 Bxg3 25.Rxe6 fxe6 26.Qxg3 h6 27.Qe5 
Qc7 28.Bf4 Qxe5 29.Bxe5 Ke8 30.Bd6 Rf7 31.Rxf7 Kxf7 32.Be5 c5 33.Kf3 b5 
34.Bd6 c4 35.Be5 g6 36.Ke3 gxh5 37.gxh5 a5 38.Kd4 b4 39.b3 c3 40.Kc5 Ke7 
41.Kb5 1-0

[Event "7th Asia-ch"]
[Site "Subic Bay PHI"]
[Date "2009.05.21"]
[Round "9"]
[White "Gomez, John Paul"]
[Black "Wang Li"]
[Result "1-0"]
[WhiteElo "2538"]
[BlackElo "2401"]
[EventDate "2009.05.13"]
[PlyCount "203"]

1.c4 c5 2.Nf3 Nf6 3.Nc3 b6 4.e3 g6 5.d4 Bg7 6.Bd3 O-O 7.O-O d6 8.h3 e6 9.
e4 cxd4 10.Nxd4 Bb7 11.Qe2 a6 12.Rd1 Qc7 13.Nf3 Nc6 14.Be3 Nd7 15.Rac1 
Nce5 16.Nxe5 dxe5 17.b4 Rfd8 18.c5 bxc5 19.bxc5 Nb8 20.Bg5 Rd4 21.Be3 Rd8 
22.Qb2 Nc6 23.Rb1 Bc8 24.Qb6 Ra7 25.Bf1 Nd4 26.Qxc7 Rxc7 27.Rb8 Bf6 28.
Rdb1 Rxc5 29.Na4 Rc7 30.Ra8 Bb7 31.Rxd8+ Bxd8 32.Nc5 Rxc5 33.Rxb7 Kg7 34.
Bxa6 Ra5 35.Bc4 Ra4 36.Bxd4 Rxc4 37.Bxe5+ Bf6 38.Bxf6+ Kxf6 39.e5+ Kxe5 
40.Rxf7 Ra4 41.Rxh7 Rxa2 42.Rf7 g5 43.Kh2 Ra3 44.f3 Ra4 45.Kg3 Rb4 46.Rf8 
Ra4 47.Rh8 Kf5 48.h4 gxh4+ 49.Rxh4 Ra2 50.Rh5+ Kg6 51.Re5 Kf6 52.f4 Rb2 
53.Kf3 Rb1 54.Kg4 Ra1 55.g3 Rb1 56.Rh5 Rc1 57.Ra5 Rb1 58.Ra8 Rc1 59.Rh8 
Kg6 60.Kf3 Rc3+ 61.Kg2 Rc2+ 62.Kh3 Rc4 63.Ra8 Rb4 64.Ra6 Kf5 65.Kh4 Kf6 
66.Ra5 Rc4 67.Kg4 Rb4 68.Re5 Rb3 69.Kh3 Rb4 70.Kg2 Ra4 71.Kf3 Ra1 72.Re2 
Ra5 73.Re3 Ra1 74.g4 Rf1+ 75.Ke4 Rg1 76.g5+ Kg6 77.Ke5 Kf7 78.Re4 Ra1 79.
Rb4 Re1+ 80.Kd4 Rd1+ 81.Ke3 Kg6 82.Rb6 Re1+ 83.Kf2 Re4 84.Kf3 Re1 85.Rb7 
Kh5 86.Rg7 Rf1+ 87.Kg3 Re1 88.Rg8 Re3+ 89.Kf2 Re4 90.Kf3 Re1 91.Rh8+ Kg6 
92.Rh6+ Kf7 93.Rh2 Kg6 94.Rh3 Kg7 95.Rh6 Kf7 96.Rh7+ Kg6 97.Re7 Kf5 98.Kf2
Re4 99.Kg3 Re3+ 100.Kh4 Kg6 101.Kg4 Re1 102.Rxe6+ 1-0

[Event "7th Asia-ch"]
[Site "Subic Bay PHI"]
[Date "2009.05.21"]
[Round "9"]
[White "Gonzales, Jayson"]
[Black "Abu Sufian, Shakil"]
[Result "1-0"]
[WhiteElo "2465"]
[BlackElo "2378"]
[EventDate "2009.05.13"]
[PlyCount "65"]

1.d4 d5 2.Nf3 Nf6 3.c4 dxc4 4.Na3 e6 5.Nxc4 c5 6.a3 a6 7.e3 cxd4 8.exd4 
Nc6 9.Bd3 b5 10.Nce5 Bb7 11.O-O Nxe5 12.dxe5 Nd7 13.Qe2 Be7 14.Rd1 Qb8 15.
a4 bxa4 16.Rxa4 Nc5 17.Rg4 g6 18.Bc2 Bd5 19.b4 h5 20.Rf4 g5 21.Rfd4 g4 22.
Nd2 Nd7 23.Ba4 Ra7 24.Bb2 Rh6 25.Qe3 Rg6 26.Bc2 Bg5 27.Qe1 Rh6 28.Ne4 Bxe4
29.Qxe4 Nxe5 30.Rd6 f6 31.Rxe6+ Re7 32.Qf5 Qc7 33.b5 1-0

[Event "7th Asia-ch"]
[Site "Subic Bay PHI"]
[Date "2009.05.21"]
[Round "9"]
[White "Causo, Deniel"]
[Black "Wang Rui"]
[Result "1/2-1/2"]
[WhiteElo "2367"]
[BlackElo "2434"]
[EventDate "2009.05.13"]
[PlyCount "90"]

1.e4 e5 2.Nf3 Nc6 3.Nc3 Nf6 4.d4 exd4 5.Nxd4 Bb4 6.Nxc6 bxc6 7.Bd3 d5 8.
exd5 cxd5 9.O-O O-O 10.Bg5 c6 11.Na4 h6 12.Bh4 Be6 13.Rc1 Be7 14.c4 Qb8 
15.b3 Ng4 16.Bg3 Bd6 17.cxd5 cxd5 18.Nc5 Bxg3 19.hxg3 Qe5 20.Be2 Nf6 21.
Bf3 Rac8 22.Re1 Qd6 23.Qd4 a5 24.Rc3 Rfe8 25.Rec1 Bf5 26.a3 Qe5 27.Qxe5 
Rxe5 28.Nd7 Rxc3 29.Nxf6+ gxf6 30.Rxc3 Re1+ 31.Kh2 d4 32.Rc4 d3 33.b4 axb4
34.axb4 Kf8 35.g4 Bg6 36.Kg3 Ke7 37.Kf4 Kd6 38.Rc6+ Kd7 39.Rc4 Kd8 40.b5 
Rb1 41.Be4 Rxb5 42.Bxd3 Bxd3 43.Rd4+ Ke7 44.Rxd3 h5 45.gxh5 Rxh5 1/2-1/2

[Event "7th Asia-ch"]
[Site "Subic Bay PHI"]
[Date "2009.05.21"]
[Round "9"]
[White "Bancod, Ronald"]
[Black "Ashwin, Jayaram"]
[Result "0-1"]
[WhiteElo "2356"]
[BlackElo "2413"]
[EventDate "2009.05.13"]
[PlyCount "54"]

1.d4 Nf6 2.Nf3 g6 3.c4 Bg7 4.Nc3 d5 5.g3 dxc4 6.Qa4+ Nfd7 7.Bg2 O-O 8.Qxc4
Nb6 9.Qd3 Nc6 10.O-O Nxd4 11.Nxd4 Qxd4 12.Qxd4 Bxd4 13.Nb5 Be5 14.Bh6 Rd8 
15.Rfd1 Bd7 16.a4 Bxb2 17.Bxb7 Rab8 18.Ra2 Bh3 19.Rxd8+ Rxd8 20.f4 Rd1+ 
21.Kf2 Rf1+ 22.Ke3 Nc4+ 23.Kd3 Rd1+ 24.Kxc4 Be6+ 25.Kb4 Bxa2 26.a5 c5+ 27.
Ka4 Ra1 0-1

[Event "7th Asia-ch"]
[Site "Subic Bay PHI"]
[Date "2009.05.21"]
[Round "9"]
[White "Akshayraj, Kore"]
[Black "Garcia, Jan Emmanuel"]
[Result "1/2-1/2"]
[WhiteElo "2404"]
[BlackElo "2292"]
[EventDate "2009.05.13"]
[PlyCount "112"]

1.e4 d6 2.d4 Nf6 3.Nc3 g6 4.g3 Bg7 5.Bg2 O-O 6.Nge2 Nbd7 7.O-O c5 8.h3 Rb8
9.dxc5 Nxc5 10.Be3 b6 11.g4 Bb7 12.Ng3 a6 13.Qd2 Re8 14.Rad1 Qc7 15.b4 
Ncd7 16.g5 Ng4 17.Bd4 Bxd4 18.Qxd4 Nge5 19.f4 Nc4 20.Nd5 Bxd5 21.exd5 b5 
22.Rfe1 Na3 23.Re3 Nc4 24.Re2 Qb6 25.c3 Qxd4+ 26.cxd4 f5 27.h4 Kf7 28.h5 
Ncb6 29.Rc1 Rb7 30.Kf2 Rc8 31.Rc6 Nb8 32.Rxc8 Nxc8 33.Rc2 Nb6 34.Nf1 Ra7 
35.Ne3 Rd7 36.h6 Rd8 37.Bh3 Kg8 38.Kg3 Rc8 39.Rxc8+ Nxc8 40.Nxf5 gxf5 41.
Bxf5 Nb6 42.Be6+ Kh8 43.f5 N8d7 44.g6 hxg6 45.fxg6 Nf6 46.Kf4 Nbxd5+ 47.
Bxd5 Nxd5+ 48.Kf5 e5 49.g7+ Kg8 50.dxe5 dxe5 51.a3 Kf7 52.Kxe5 Ne3 53.Kd4 
Nc2+ 54.Kc5 Nxa3 55.Kb6 Nc2 56.Kxa6 Nxb4+ 1/2-1/2

[Event "7th Asia-ch"]
[Site "Subic Bay PHI"]
[Date "2009.05.21"]
[Round "9"]
[White "Olay, Edgar Reggie"]
[Black "Kim, Alexey"]
[Result "0-1"]
[WhiteElo "2348"]
[BlackElo "2481"]
[EventDate "2009.05.13"]
[PlyCount "128"]

1.d4 Nf6 2.c4 e6 3.Nc3 d5 4.cxd5 exd5 5.Bg5 Be7 6.e3 c6 7.Bd3 Nbd7 8.Nge2 
Nh5 9.Bxe7 Qxe7 10.Qc2 Nhf6 11.h3 Nb6 12.O-O-O Be6 13.g4 O-O-O 14.Ng3 g6 
15.Kb1 Kb8 16.Ka1 Ne8 17.f3 Ka8 18.h4 Nd6 19.h5 Qf6 20.Qg2 Rhe8 21.Rhe1 
Bc8 22.hxg6 hxg6 23.Nf1 Re7 24.Bb1 Qg5 25.Qf2 Rde8 26.Re2 Rh8 27.Rde1 Rh3 
28.Qg2 Rh8 29.Qf2 Ree8 30.Qg3 Qd8 31.Rh2 Rxh2 32.Nxh2 Ndc4 33.Qf2 Qf6 34.
f4 Qh8 35.g5 Rxe3 36.Rxe3 Nxe3 37.Nf3 Ng4 38.Qe2 Qh1 39.Nd1 a6 40.b3 Bd7 
41.Kb2 Nc8 42.Bd3 Qh3 43.Nc3 Qg3 44.Na4 Qxf4 45.Nc5 Qc7 46.a4 a5 47.Bc2 b6
48.Nd3 Bf5 49.Nde5 Bxc2 50.Nxg4 Be4 51.Nfe5 Kb7 52.Qf2 Nd6 53.Nh6 Bf5 54.
Qg2 Be6 55.Ng8 Nf5 56.Qd2 c5 57.Nf6 Nxd4 58.Qe3 Nc6 59.Nf3 Qg3 60.Qe2 Qf4 
61.Qg2 c4 62.Nd2 Qd4+ 63.Kc1 Qc3+ 64.Kd1 cxb3 0-1

[Event "7th Asia-ch"]
[Site "Subic Bay PHI"]
[Date "2009.05.21"]
[Round "9"]
[White "Sadorra, Julio Catalino"]
[Black "Hassan, Abdullah"]
[Result "1/2-1/2"]
[WhiteElo "2451"]
[BlackElo "2322"]
[EventDate "2009.05.13"]
[PlyCount "112"]

1.d4 Nf6 2.c4 e6 3.Nc3 Bb4 4.a3 Bxc3+ 5.bxc3 b6 6.f3 Nc6 7.e4 d6 8.Bd3 Qd7
9.f4 Ba6 10.Nf3 Na5 11.Qe2 Qa4 12.e5 Nd7 13.Nd2 O-O-O 14.Rb1 c5 15.Ne4 Nb7
16.O-O h6 17.Nxd6+ Nxd6 18.exd6 Rhe8 19.Rb5 Bxb5 20.cxb5 Qb3 21.Bc4 Qa4 
22.Bd3 cxd4 23.Bc2 d3 24.Qxd3 Qa5 25.a4 a6 26.Qe4 Qxc3 27.bxa6 Qc5+ 28.Be3
Qd5 29.Qb4 Nf6 30.a7 Kd7 31.Bxb6 Rc8 32.Bc7 Qc6 33.Qb5 Qxb5 34.axb5 Nd5 
35.Be4 Rxc7 36.dxc7 Kxc7 37.Re1 Ra8 38.Bxd5 exd5 39.Re7+ Kb6 40.Rxf7 Rxa7 
41.Rxa7 Kxa7 42.Kf2 Kb6 43.Ke3 Kxb5 44.Kd4 Kc6 45.g4 Kd6 46.f5 Ke7 47.Kxd5
Kf6 48.h3 h5 49.Ke4 hxg4 50.hxg4 Kg5 51.Kf3 g6 52.fxg6 Kxg6 53.Kf4 Kf6 54.
g5+ Kg6 55.Kg4 Kg7 56.Kf5 Kf7 1/2-1/2

[Event "7th Asia-ch"]
[Site "Subic Bay PHI"]
[Date "2009.05.21"]
[Round "9"]
[White "Nguyen Hoang Nam"]
[Black "Nguyen Van Huy"]
[Result "0-1"]
[WhiteElo "2281"]
[BlackElo "2423"]
[EventDate "2009.05.13"]
[PlyCount "82"]

1.e4 c5 2.Nf3 Nc6 3.Bb5 g6 4.Bxc6 dxc6 5.d3 Bg7 6.h3 Nf6 7.Nc3 O-O 8.Bf4 
Ne8 9.Qd2 Nc7 10.Bh6 Ne6 11.h4 Bxh6 12.Qxh6 f6 13.e5 Nd4 14.O-O-O Be6 15.
Rde1 Bd5 16.exf6 exf6 17.h5 g5 18.Nxd4 cxd4 19.Ne4 Rf7 20.f4 Bxe4 21.Rxe4 
Qd5 22.Rhe1 Raf8 23.Kb1 g4 24.f5 Qxf5 25.Rxd4 Rg7 26.a4 Qg5 27.Qxg5 Rxg5 
28.Re7 f5 29.g3 Rf7 30.Re8+ Kg7 31.Rf4 Rxh5 32.Re1 Rh2 33.Rg1 Kg6 34.b4 h5
35.Rd4 h4 36.gxh4 Rxh4 37.b5 f4 38.bxc6 bxc6 39.Rc4 Rf6 40.Kc1 Kg5 41.Rc5+
Rf5 0-1

[Event "7th Asia-ch"]
[Site "Subic Bay PHI"]
[Date "2009.05.21"]
[Round "9"]
[White "Zhang Ziyang"]
[Black "Al-Huwar, Jasem"]
[Result "1-0"]
[WhiteElo "2419"]
[BlackElo "2293"]
[EventDate "2009.05.13"]
[PlyCount "131"]

1.d4 Nf6 2.Nf3 g6 3.Bg5 Bg7 4.Nbd2 h6 5.Bh4 c5 6.Bxf6 Bxf6 7.Ne4 Qb6 8.
Nxf6+ Qxf6 9.e3 cxd4 10.exd4 Qb6 11.Qc1 d6 12.Be2 g5 13.c3 Bf5 14.O-O Nd7 
15.a4 Nf6 16.Re1 e6 17.a5 Qc7 18.a6 b6 19.d5 e5 20.Nxg5 Ke7 21.Nf3 Rag8 
22.c4 Ng4 23.Nd4 Bd7 24.b4 Kf8 25.Nc6 Bxc6 26.dxc6 Qxc6 27.Bf3 Qc8 28.c5 
dxc5 29.bxc5 bxc5 30.Ra5 c4 31.Qa3+ Kg7 32.Rc5 Qe6 33.h3 Nf6 34.Rexe5 Qd6 
35.Qc3 Rc8 36.Ra5 Qd3 37.Rg5+ hxg5 38.Rxg5+ Qg6 39.Rxg6+ fxg6 40.Bb7 Rc7 
41.Qe5 Rd7 42.Qc5 Rh4 43.Qxa7 Rh5 44.Qb6 c3 45.Qc6 Rd1+ 46.Kh2 Ng4+ 47.Kg3
Ne5 48.Qc8 Rd3+ 49.f3 Rd2 50.Qxc3 Rg5+ 51.Kf4 Rf5+ 52.Ke3 Rd3+ 53.Qxd3 
Nxd3 54.Kxd3 Ra5 55.Kc4 Kf6 56.Kb4 Ra1 57.Kc5 Ke7 58.Kb6 Kd6 59.Bc6 Rxa6+ 
60.Kxa6 Kxc6 61.h4 Kd5 62.g4 Ke5 63.h5 gxh5 64.gxh5 Kf6 65.f4 Kg7 66.f5 
1-0

[Event "7th Asia-ch"]
[Site "Subic Bay PHI"]
[Date "2009.05.21"]
[Round "9"]
[White "Yu Lie"]
[Black "Lou Yiping"]
[Result "1/2-1/2"]
[WhiteElo "2307"]
[BlackElo "2410"]
[EventDate "2009.05.13"]
[PlyCount "173"]

1.e4 e6 2.d4 d5 3.Nc3 Nf6 4.e5 Nfd7 5.f4 c5 6.Nf3 Nc6 7.Be3 cxd4 8.Nxd4 
Bc5 9.Qd2 O-O 10.O-O-O a6 11.Qf2 Qe7 12.Bd3 f6 13.exf6 Nxf6 14.h3 Bb4 15.
Qd2 Bd7 16.a3 Bd6 17.Kb1 b5 18.g4 b4 19.axb4 Bxb4 20.Nxc6 Bxc6 21.Bd4 Qb7 
22.Rhe1 Rab8 23.Qe3 Kh8 24.Rf1 a5 25.g5 Nh5 26.Ne2 Bc5 27.Qe5 Bxd4 28.Qxd4
Bb5 29.Bxb5 Qxb5 30.Rd3 e5 31.Qxe5 Rbe8 32.Qd6 Qb4 33.Qxb4 axb4 34.Rf2 g6 
35.Rxd5 Re3 36.Rd3 Rfe8 37.Nc1 Re1 38.Rdf3 R8e4 39.c3 bxc3 40.bxc3 Ng7 41.
Kb2 Nf5 42.Nd3 Rg1 43.Rd2 Nh4 44.Rff2 Re7 45.Rde2 Rb7+ 46.Kc2 h6 47.Re5 
Ra1 48.Nc1 Rab1 49.Rfe2 hxg5 50.Re8+ Kg7 51.fxg5 R1b2+ 52.Kd3 Rd7+ 53.Ke4 
Rb1 54.Rc2 Nf5 55.Re5 Rd1 56.Ne2 Rh1 57.Ra2 Rb7 58.Nf4 Re1+ 59.Ne2 Rh1 60.
Rea5 Re7+ 61.Kd5 Rd1+ 62.Nd4 Nxd4 63.cxd4 Rd7+ 64.Ke6 R1xd4 65.Ra6 Rf7 66.
Ra7 Re4+ 67.Kd6 Re3 68.R2a3 Rxa3 69.Rxa3 Rf5 70.Ra7+ Kg8 71.h4 Rf4 72.Ke6 
Rxh4 73.Kf6 Rb4 74.Rg7+ Kh8 75.Re7 Kg8 76.Re8+ Kh7 77.Re7+ Kg8 78.Kxg6 
Rb6+ 79.Kh5 Ra6 80.Re5 Kg7 81.Rb5 Rc6 82.Rb7+ Kg8 83.Kg4 Ra6 84.Kf5 Rc6 
85.Re7 Ra6 86.Re6 Rxe6 87.Kxe6 1/2-1/2

[Event "7th Asia-ch"]
[Site "Subic Bay PHI"]
[Date "2009.05.21"]
[Round "9"]
[White "Jia Haoxiang"]
[Black "Chua, Aaron"]
[Result "1-0"]
[WhiteElo "2344"]
[BlackElo "2116"]
[EventDate "2009.05.13"]
[PlyCount "61"]

1.d4 d5 2.c4 e6 3.Nf3 c6 4.e3 Nf6 5.Qc2 Nbd7 6.b3 Bd6 7.Bb2 O-O 8.Bd3 b6 
9.O-O Bb7 10.Nbd2 Qe7 11.Ne5 c5 12.Nxd7 Qxd7 13.dxc5 bxc5 14.cxd5 exd5 15.
Bxf6 gxf6 16.f4 d4 17.Ne4 Be7 18.Rad1 Rac8 19.Rf3 Rfd8 20.Rh3 dxe3 21.Nc3 
Qc6 22.Be4 Qxe4 23.Nxe4 Bxe4 24.Qe2 Rxd1+ 25.Qxd1 Rd8 26.Qg4+ Kh8 27.Rxe3 
f5 28.Qh5 Bf6 29.Kf1 Bd3+ 30.Rxd3 Rxd3 31.Qxf7 1-0

[Event "7th Asia-ch"]
[Site "Subic Bay PHI"]
[Date "2009.05.22"]
[Round "10"]
[White "Ganguly, Surya Shekhar"]
[Black "Antonio, Rogelio jr"]
[Result "1-0"]
[WhiteElo "2625"]
[BlackElo "2518"]
[EventDate "2009.05.13"]
[PlyCount "109"]

1.e4 c6 2.d4 d5 3.e5 Bf5 4.Nf3 e6 5.Be2 Nd7 6.O-O Bg6 7.Nbd2 Nh6 8.Nb3 Be7
9.Ne1 O-O 10.Nd3 Rc8 11.c3 b6 12.Nf4 c5 13.Nxg6 hxg6 14.g4 c4 15.Nd2 g5 
16.Bf3 b5 17.Bg2 b4 18.h3 Rb8 19.Nf3 Re8 20.Bd2 Nf8 21.cxb4 Nh7 22.Qa4 Qb6
23.a3 Rec8 24.Rab1 Qd8 25.Qc2 Nf8 26.Qc1 Nh7 27.Re1 Rb6 28.Re3 Kh8 29.Rc3 
Rcb8 30.b3 cxb3 31.Rbxb3 f5 32.exf6 gxf6 33.Rc7 R6b7 34.Rxb7 Rxb7 35.Rc3 
Qd7 36.Rc8+ Kg7 37.Bf1 Bd6 38.Qc6 Nf7 39.Qxd7 Rxd7 40.a4 Rc7 41.Ra8 e5 42.
dxe5 fxe5 43.b5 Bc5 44.Ba5 Bb6 45.Bxb6 axb6 46.a5 Nf8 47.axb6 Rd7 48.Ra7 
Kf6 49.h4 Nd6 50.hxg5+ Ke6 51.g6 Nxg6 52.g5 Nf4 53.Rxd7 Kxd7 54.Nxe5+ Ke6 
55.Nd3 1-0

[Event "7th Asia-ch"]
[Site "Subic Bay PHI"]
[Date "2009.05.22"]
[Round "10"]
[White "Zhou Weiqi"]
[Black "Sandipan, Chanda"]
[Result "1-0"]
[WhiteElo "2563"]
[BlackElo "2558"]
[EventDate "2009.05.13"]
[PlyCount "91"]

1.d4 d5 2.c4 c6 3.Nf3 Nf6 4.e3 Bg4 5.h3 Bh5 6.Qb3 Qc7 7.Nc3 e6 8.Bd2 Nbd7 
9.Rc1 Bxf3 10.gxf3 Rc8 11.cxd5 Nxd5 12.Nxd5 exd5 13.e4 Be7 14.e5 Nf8 15.h4
Ne6 16.Bh3 O-O 17.f4 f5 18.Qd3 Qd7 19.Be3 Nc7 20.h5 Na6 21.Bg2 Rfd8 22.Bh3
Rf8 23.Bg2 Rfd8 24.a3 c5 25.dxc5 Bxc5 26.O-O Bxe3 27.Qxd5+ Qxd5 28.Bxd5+ 
Kf8 29.Rxc8 Bxf2+ 30.Rxf2 Rxc8 31.Bxb7 Rc1+ 32.Rf1 Rxf1+ 33.Kxf1 Nc5 34.
Bc8 g6 35.Ke2 Na4 36.Be6 gxh5 37.b4 h4 38.Bxf5 Nc3+ 39.Kf3 Nb5 40.Bd3 Nc3 
41.Kg4 Nd5 42.Be4 h5+ 43.Kg5 Nc3 44.Bg2 Ne2 45.f5 Nd4 46.f6 1-0